00653nam a22002057a 450000500170000000800410001702000180005804000210007604100080009708200130010524500930011825000120021126000340022330000100025765000680026770000260033570000270036170000290038870000300041720230123105630.0220518b ||||| |||| 00| 0 eng d a9788194821045 aIN-DiNCcIN-DiNC dasm a324bTUL aTulonamulok prekshyapotot rajnoitik prokriya aru protisthan/cby Nabin Gohain and others a2nd ed. aJorhat:bBidya bhawan,c2022. a319p. aPolitical processes and institutions in comparative perspective aGohain, Nabineauthor aBorah, Pankaj eauthor aGogoi, Tralukya eauthor aSaikia, Pranjeet eauthor